01015nam a2200277 a 450000100060000000300080000600500170001400800390003102000210007002000220009102000220011303500190013504000230015404100080017708200240018524500720020926000480028130000410032950400410037052001500041165000220056165000310058370000300061471000390064471100540068337377BD-RjUL20211209052613.0141207s1996 ii a b 100 0 eng a8120410432 (set) a8120410696 (v. 1) a812041070X (v. 2) a(BD-RjUL)37480 aDLCcDLCdDLCbeng aeng00a633.8221bNEE 199000aNeem and environment /ceditors, R.P. Singh ... [et al.].nVolume 1 aNew Delhi :bOxford & IBH Pub. Co.,cc1996. a2 v. (xx, 1225 p.) :bill. ;c25 cm. aIncludes bibliographical references. aProceedings of the World Neem Conference, held at Bangalore, India, from 24 to 28 February, 1993, organized by Indian Society of Tobacco Science. 0aNeemvCongresses. 0aNeem productsvCongresses.1 aSingh, R. P.c(Scientist)2 aIndian Society of Tobacco Science.2 aWorld Neem Conferenced(1993 :cBangalore, India)